000 00412nam a22001697a 4500
005 20180530155432.0
008 160523b xxu||||| |||| 00| 0 eng d
020 _a81-8054-624-1
041 _aeng
082 _b4093
_a510.2433
100 _aMehta Madnani
_9656
245 _aMathematics for Economics
260 _aNew Delhi
_bAcademic Faundation
300 _a729
650 _aManagement
_9241
942 _cBK
999 _c1376
_d1376